[Event "Landesliga Sued 1920"]
[Site "Bayern"]
[Date "2019.11.10"]
[Round "2.4"]
[White "Schmid, Franz"]
[Black "Schwarzmeier, Klaus"]
[Result "1/2-1/2"]
[WhiteElo "2194"]
[BlackElo "2154"]
[PlyCount "113"]
[EventDate "2019.09.29"]
[EventType "team-tourn"]
[EventRounds "9"]
[EventCountry "GER"]
[SourceTitle "EXT 2021"]
[Source "ChessBase"]
[SourceDate "2020.10.23"]
[SourceVersion "1"]
[SourceVersionDate "2020.10.23"]
[SourceQuality "1"]
[WhiteTeam "Passau II"]
[BlackTeam "Rottal Inn"]
[WhiteTeamCountry "GER"]
[BlackTeamCountry "GER"]

1. e4 d5 2. exd5 Qxd5 3. Nc3 Qa5 4. d4 c6 5. Nf3 Nf6 6. Bc4 Bf5 7. Qe2 e6 8. Bd2 Bb4 9. Ne5 Nbd7 10. Nxd7 Nxd7 11. 0-0-0 0-0-0 12. a3 Bxc3 13. Bxc3 Qc7 14. Kb1 Nf6 15. f3 h5 16. Be1 h4 17. Bf2 b5 18. Bb3 Kb7 19. Ka1 Ka8 20. Qe1 g5 21. g4 hxg3 22. Bxg3 Qe7 23. c4 Nh5 24. Bf2 Nf4 25. Qa5 bxc4 26. Bxc4 Nd5 27. Rc1 Qc7 28. Qc5 Qb6 29. Bxd5 Qxc5 30. Bxc6+ Qxc6 31. Rxc6 Rc8 32. Rc5 Rxc5 33. dxc5 g4 34. fxg4 Bxg4 35. h4 Kb7 36. b4 Kc6 37. Kb2 Rd8 38. Kc3 a6 39. h5 Bf5 40. Bd4 Kd5 41. Bf6 Rg8 42. Rd1+ Kc6 43. Rd6+ Kb7 44. Rd7+ Kc6 45. Rxf7 Rg3+ 46. Kb2 Rh3 47. Ra7 Bd3 48. Re7 Bf5 49. Re8 Rxh5 50. Rd8 Rh2+ 51. Ka1 Kb5 52. Rh8 Rg2 53. Rh1 Ka4 54. Bb2 Kb3 55. Re1 Bd3 56. Rd1 Be4 57. Re1 1/2-1/2

[Event "AUT-chT2W 1819"]
[Site "Austria"]
[Date "2019.03.10"]
[Round "11.2"]
[White "Berchtold, Clemens"]
[Black "Schwarzmeier, Klaus"]
[Result "0-1"]
[WhiteElo "2024"]
[BlackElo "2187"]
[PlyCount "100"]
[EventDate "2018.10.12"]
[EventType "team-tourn"]
[EventRounds "11"]
[EventCountry "AUT"]
[SourceTitle "CBM 189 Extra"]
[Source "ChessBase"]
[SourceDate "2019.06.03"]
[SourceVersion "1"]
[SourceVersionDate "2019.06.03"]
[SourceQuality "1"]
[WhiteTeam "Rochade Rum"]
[BlackTeam "Ranshofen"]
[WhiteTeamCountry "AUT"]
[BlackTeamCountry "AUT"]

1. d4 d5 2. c4 c6 3. Nc3 dxc4 4. e4 b5 5. a4 b4 6. Nce2 e6 7. Ng3 Ba6 8. Nf3 Qa5 9. Ne5 c3 10. bxc3 bxc3 11. Qf3 Nf6 12. Nc4 Bxc4 13. Bxc4 Bb4 14. 0-0 Nbd7 15. Bd3 e5 16. Ne2 0-0 17. Bc2 Rfe8 18. Ba3 exd4 19. Nxd4 Bxa3 20. Rxa3 Qc5 21. Qxc3 Qxc3 22. Rxc3 Nxe4 23. Rxc6 Nef6 24. h3 Rac8 25. Rb1 Nb6 26. Rb2 Kf8 27. Rxc8 Rxc8 28. Nb5 Nc4 29. Nxa7 Ra8 30. Rb4 Na3 31. Bd3 Rxa7 32. Kf1 Ke7 33. Ke2 Nd5 34. Rd4 Nc3+ 35. Kd2 Nxa4 36. Bxh7 Nc5 37. Rd5 Rc7 38. Bd3 Nxd3 39. Rxd3 Rd7 40. f4 Nc4+ 41. Ke2 Rxd3 42. Kxd3 Nd6 43. g4 Ke6 44. Ke3 Kd5 45. h4 Ne4 46. Kf3 Nf6 47. h5 Kd4 48. h6 gxh6 49. g5 hxg5 50. fxg5 Nd5 0-1

[Event "AUT-chT2W 1819"]
[Site "Austria"]
[Date "2019.02.08"]
[Round "6.6"]
[White "Berchtold, Guenter"]
[Black "Schwarzmeier, Klaus"]
[Result "1/2-1/2"]
[WhiteElo "1939"]
[BlackElo "2187"]
[PlyCount "119"]
[EventDate "2018.10.12"]
[EventType "team-tourn"]
[EventRounds "11"]
[EventCountry "AUT"]
[SourceTitle "CBM 189 Extra"]
[Source "ChessBase"]
[SourceDate "2019.06.03"]
[SourceVersion "1"]
[SourceVersionDate "2019.06.03"]
[SourceQuality "1"]
[WhiteTeam "Wolfurt"]
[BlackTeam "Ranshofen"]
[WhiteTeamCountry "AUT"]
[BlackTeamCountry "AUT"]

1. d4 d5 2. Nf3 Nf6 3. Bf4 c6 4. Nbd2 Bf5 5. e3 e6 6. Bd3 Bg6 7. Qe2 Be7 8. h3 a6 9. 0-0 0-0 10. e4 c5 11. dxc5 Nc6 12. a3 Bxc5 13. Rad1 Qb6 14. b4 Be7 15. c4 dxe4 16. Nxe4 Rfd8 17. c5 Qa7 18. Nxf6+ gxf6 19. Bxg6 hxg6 20. Bc7 Re8 21. Nd4 Rac8 22. Nxc6 bxc6 23. Bb6 Qb7 24. a4 Kg7 25. Rd2 f5 26. Rfd1 Bf6 27. Rd7 Qb8 28. R1d6 Be7 29. Rd1 Qe5 30. R1d2 Qb8 31. Qe5+ Bf6 32. Qd6 Bc3 33. Qxb8 Rxb8 34. Ra7 Ra8 35. Rd6 Rxa7 36. Bxa7 Rc8 37. Kf1 Bxb4 38. Ke2 Kf6 39. Bb6 Ke7 40. Rd3 a5 41. Kf3 e5 42. Ke3 Rb8 43. Ke2 Rb7 44. Bd8+ Ke8 45. Bf6 Rd7 46. Rxd7 Kxd7 47. Bxe5 Bxc5 48. Kd3 Ke6 49. Bc7 Bb4 50. Kc4 Kf6 51. Kd4 Ke6 52. Kc4 Kd7 53. Be5 Be1 54. Kc5 Bxf2+ 55. Kc4 Bb6 56. Bf6 Kd6 57. Bc3 Ke6 58. Bb2 f4 59. Bc3 Kd6 60. Bf6 1/2-1/2

[Event "Landesliga Sued 1819"]
[Site "Bayern"]
[Date "2019.01.20"]
[Round "5.4"]
[White "Sargin, Anatol"]
[Black "Schwarzmeier, Klaus"]
[Result "1-0"]
[WhiteElo "2129"]
[BlackElo "2171"]
[PlyCount "77"]
[EventDate "2018.10.21"]
[EventType "team-tourn"]
[EventRounds "9"]
[EventCountry "GER"]
[SourceTitle "EXT 2022"]
[Source "ChessBase"]
[SourceDate "2021.10.06"]
[SourceVersion "1"]
[SourceVersionDate "2021.10.06"]
[SourceQuality "1"]
[WhiteTeam "Unterhaching"]
[BlackTeam "Rottal Inn"]
[WhiteTeamCountry "GER"]
[BlackTeamCountry "GER"]

1. e4 e6 2. d4 d5 3. exd5 exd5 4. Bd3 Nc6 5. c3 Bd6 6. Nf3 Nge7 7. Qc2 h6 8. Be3 Be6 9. Nbd2 Qd7 10. 0-0-0 Bf5 11. Rhe1 0-0-0 12. Nf1 Kb8 13. Ng3 Bxd3 14. Qxd3 f5 15. Bd2 Rdf8 16. Ne5 Bxe5 17. dxe5 Nd8 18. f4 Ne6 19. Ne2 Qa4 20. Kb1 g5 21. g3 Nc5 22. Qd4 Qb5 23. Be3 b6 24. c4 dxc4 25. Nc3 Qb4 26. fxg5 hxg5 27. h4 gxh4 28. gxh4 Nd3 29. Rxd3 Nc6 30. Qd5 Ne7 31. Qd4 Nc6 32. Qd5 cxd3 33. Qxc6 f4 34. Bd2 f3 35. Rf1 Qxh4 36. Nd5 Rf7 37. e6 Qh3 38. Rc1 Rg7 39. Nxc7 1-0

[Event "Landesliga Sued 1617"]
[Site "Bayern"]
[Date "2016.12.04"]
[Round "3.5"]
[White "Schwarzmeier, Klaus"]
[Black "Schmid, Franz"]
[Result "1-0"]
[WhiteElo "2186"]
[BlackElo "2160"]
[PlyCount "49"]
[EventDate "2016.10.16"]
[EventType "team-tourn"]
[EventRounds "9"]
[EventCountry "GER"]
[SourceTitle "EXT 2019"]
[Source "ChessBase"]
[SourceDate "2018.10.10"]
[SourceVersion "1"]
[SourceVersionDate "2018.10.10"]
[SourceQuality "1"]
[WhiteTeam "Rottal"]
[BlackTeam "Roehrnbach"]
[WhiteTeamCountry "GER"]
[BlackTeamCountry "GER"]

1. c4 e5 2. g3 Nf6 3. Bg2 d5 4. cxd5 Nxd5 5. Nc3 Nb6 6. Nf3 Nc6 7. a3 a5 8. d3 g6 9. Bg5 f6 10. Be3 Bg7 11. h4 h6 12. d4 Nc4 13. Qd3 Nxe3 14. Qxg6+ Kf8 15. fxe3 Ne7 16. Qc2 Nf5 17. Nxe5 fxe5 18. 0-0 exd4 19. Rxf5+ Bxf5 20. Qxf5+ Qf6 21. Qc5+ Qd6 22. Rf1+ Ke8 23. Qb5+ c6 24. Qxb7 Rb8 25. Qxg7 1-0

[Event "Landesliga Sued 1617"]
[Site "Bayern"]
[Date "2016.11.20"]
[Round "2.6"]
[White "Schwarzmeier, Klaus"]
[Black "Baeuml, Ulrich"]
[Result "1/2-1/2"]
[WhiteElo "2186"]
[BlackElo "2054"]
[PlyCount "56"]
[EventDate "2016.10.16"]
[EventType "team-tourn"]
[EventRounds "9"]
[EventCountry "GER"]
[SourceTitle "EXT 2019"]
[Source "ChessBase"]
[SourceDate "2018.10.10"]
[SourceVersion "1"]
[SourceVersionDate "2018.10.10"]
[SourceQuality "1"]
[WhiteTeam "Rottal"]
[BlackTeam "Dillingen"]
[WhiteTeamCountry "GER"]
[BlackTeamCountry "GER"]

1. c4 e6 2. Nf3 d5 3. g3 Nf6 4. Bg2 Be7 5. 0-0 c5 6. cxd5 exd5 7. d4 0-0 8. Nc3 Nc6 9. b3 Bg4 10. dxc5 Bxc5 11. Bg5 d4 12. Bxf6 Qxf6 13. Ne4 Qe7 14. Nxc5 Qxc5 15. Rc1 Qb6 16. Qc2 h6 17. Rfd1 Rfe8 18. Rd2 Rad8 19. Qc5 Qa6 20. h3 Bxf3 21. Bxf3 Ne5 22. Rxd4 Rxd4 23. Qxd4 Nxf3+ 24. exf3 Qxa2 25. Qd7 Rf8 26. Qxb7 a5 27. Rc5 a4 28. bxa4 Qxa4 1/2-1/2

[Event "Landesliga Sued 1415"]
[Site "Bayern"]
[Date "2014.11.23"]
[Round "3.6"]
[White "Schwarzmeier, Klaus"]
[Black "Bauer, Bernd"]
[Result "1-0"]
[WhiteElo "2123"]
[BlackElo "1978"]
[PlyCount "83"]
[EventDate "2014.10.19"]
[EventType "team-tourn"]
[EventRounds "9"]
[EventCountry "GER"]
[SourceTitle "EXT 2018"]
[Source "ChessBase"]
[SourceDate "2017.10.13"]
[SourceVersion "1"]
[SourceVersionDate "2017.10.13"]
[SourceQuality "1"]
[WhiteTeam "Rottal"]
[BlackTeam "Deggendorf"]
[WhiteTeamCountry "GER"]
[BlackTeamCountry "GER"]

1. c4 c6 2. Nf3 d5 3. b3 Bf5 4. g3 e6 5. Bg2 Nf6 6. 0-0 Be7 7. Bb2 0-0 8. d3 h6 9. Nbd2 Nbd7 10. a3 a5 11. Rc1 dxc4 12. Nxc4 Ne8 13. e4 Bg4 14. Qc2 Nd6 15. Ne3 Bxf3 16. Bxf3 e5 17. Rcd1 Nb5 18. a4 Nd4 19. Bxd4 exd4 20. Ng2 Nc5 21. Bg4 Na6 22. f4 Nb4 23. Qe2 Qb6 24. f5 Bf6 25. e5 Rfe8 26. e6 fxe6 27. fxe6 Nd5 28. Bh5 Re7 29. Bf7+ Rxf7 30. exf7+ Kxf7 31. Rde1 Kg8 32. Qe6+ Kh8 33. Nf4 Nxf4 34. Rxf4 Rf8 35. Ref1 Qd8 36. Re4 Qb6 37. h4 Qb4 38. Rf3 Qd2 39. Re2 Qd1+ 40. Kg2 Rg8 41. Rxf6 gxf6 42. Qxf6+ 1-0

[Event "Landesliga Sued 1213"]
[Site "Bayern"]
[Date "2012.12.09"]
[Round "4.6"]
[White "Wiendieck, Joerg"]
[Black "Schwarzmeier, Klaus"]
[Result "1/2-1/2"]
[WhiteElo "1848"]
[BlackElo "2112"]
[PlyCount "76"]
[EventDate "2012.10.14"]
[EventType "team-tourn"]
[EventRounds "9"]
[EventCountry "GER"]
[SourceTitle "EXT 2015"]
[Source "ChessBase"]
[SourceDate "2014.11.20"]
[SourceVersion "1"]
[SourceVersionDate "2014.11.20"]
[SourceQuality "1"]
[WhiteTeam "Krumbach"]
[BlackTeam "Rottal"]
[WhiteTeamCountry "GER"]
[BlackTeamCountry "GER"]

1. d4 d5 2. Nf3 Nf6 3. Bf4 c6 4. Nbd2 Bf5 5. e3 e6 6. Bd3 Be7 7. Ne5 Nbd7 8. Ndf3 0-0 9. c3 Nxe5 10. Nxe5 Re8 11. h3 Nd7 12. 0-0 f6 13. Nxd7 Qxd7 14. Re1 Bf8 15. e4 Bg6 16. Qc2 Rad8 17. Rad1 dxe4 18. Bxe4 Bxe4 19. Qxe4 e5 20. dxe5 Qxd1 21. Rxd1 Rxd1+ 22. Kh2 fxe5 23. Be3 a6 24. Qc4+ Rd5 25. Qb3 Re7 26. a4 Red7 27. Qc4 h6 28. Qg4 Rf7 29. Qe6 Rdd7 30. g3 Bd6 31. Qg6 Kf8 32. Kg2 Rf6 33. Qg4 Re7 34. Bb6 Rff7 35. Qg6 Rd7 36. Be3 Rf6 37. Qg4 Ke8 38. Qh5+ Kf8 1/2-1/2

[Event "Landesliga Sued 1213"]
[Site "Bayern"]
[Date "2012.10.14"]
[Round "1.6"]
[White "Schwarzmeier, Klaus"]
[Black "Fehmer, Dirk"]
[Result "1/2-1/2"]
[WhiteElo "2112"]
[BlackElo "1951"]
[PlyCount "87"]
[EventDate "2012.10.14"]
[EventType "team-tourn"]
[EventRounds "9"]
[EventCountry "GER"]
[SourceTitle "EXT 2015"]
[Source "ChessBase"]
[SourceDate "2014.11.20"]
[SourceVersion "1"]
[SourceVersionDate "2014.11.20"]
[SourceQuality "1"]
[WhiteTeam "Rottal"]
[BlackTeam "Haunstetten"]
[WhiteTeamCountry "GER"]
[BlackTeamCountry "GER"]

1. c4 g6 2. g3 Bg7 3. Bg2 d6 4. Nc3 e5 5. Nf3 Nc6 6. d3 Nge7 7. Rb1 a5 8. a3 0-0 9. 0-0 f5 10. Nd2 f4 11. b4 axb4 12. axb4 Rb8 13. b5 Nd4 14. e3 Ne6 15. Nde4 Nf5 16. Nd5 Bd7 17. Bd2 Bh6 18. Kh1 fxe3 19. fxe3 Nc5 20. Nxc5 dxc5 21. Qe2 c6 22. bxc6 bxc6 23. Nc3 Nd6 24. Ne4 Nxe4 25. Bxe4 Rxb1 26. Rxb1 Qc8 27. Rf1 Bg4 28. Bf3 Qf5 29. Bxg4 Qxf1+ 30. Qxf1 Rxf1+ 31. Kg2 Rb1 32. Kf3 Kf7 33. Bd7 Rb3 34. Ke4 Ke7 35. Bxc6 Kd6 36. Bd5 Bg7 37. Bg8 h6 38. h3 Rb2 39. Bc3 Rh2 40. h4 Rg2 41. Kf3 Ra2 42. Ke4 Rc2 43. Ba5 Ra2 44. Bc3 1/2-1/2

[Event "Oberliga Bayern 1112"]
[Site "Bayern"]
[Date "2012.03.18"]
[Round "8.7"]
[White "Schwarzmeier, Klaus"]
[Black "Scheckenbach, Franz"]
[Result "0-1"]
[WhiteElo "2063"]
[BlackElo "2166"]
[PlyCount "54"]
[EventDate "2011.10.02"]
[EventType "team-tourn"]
[EventRounds "9"]
[EventCountry "GER"]
[SourceTitle "EXT 2015"]
[Source "ChessBase"]
[SourceDate "2014.11.20"]
[SourceVersion "1"]
[SourceVersionDate "2014.11.20"]
[SourceQuality "1"]
[WhiteTeam "Rottal"]
[BlackTeam "Groebenzell"]
[WhiteTeamCountry "GER"]
[BlackTeamCountry "GER"]

1. c4 c5 2. g3 e6 3. Bg2 d5 4. Nf3 Nc6 5. 0-0 Nf6 6. b3 Be7 7. Bb2 d4 8. e3 e5 9. exd4 exd4 10. d3 Bf5 11. Re1 0-0 12. Ne5 Nxe5 13. Rxe5 Bg4 14. Qf1 Bd6 15. Re1 Qd7 16. Nd2 Rae8 17. Ne4 Nxe4 18. Bxe4 Bh3 19. Bg2 Bf5 20. h3 h5 21. f4 b5 22. Rad1 bxc4 23. dxc4 a5 24. Qf3 Bxh3 25. Qxh5 Bg4 26. Bc6 Bxd1 27. Rxe8 Qxe8 0-1